000 00856nam a2200253 i 4500
003 IT-RoINE
005 20210127124120.0
008 980601s1997 sp | r 000 0 spa d
020 _a8436235304
040 _aSpMaBN
_cIT-RoINE
_dIT-RoINE
245 1 0 _aEstudios sobre la secularización docente en España /
_cJavier Vergara Ciordia (coord.)
260 _a[Madrid] :
_bUNED,
_c1997.
300 _a372 p. ;
_c21 cm.
336 _2rdacontent
_atext
337 _2rdamedia
_aunmediated
338 _2rdacarrier
_avolume
490 1 _aAula abierta ;
_v112
504 _aIncluye bibliografía.
650 4 _aEnseñanza
_zEspaña
_911546
_xHistoria
650 4 _913356
_aIglesia y Estado
_zEspaña
_xHistoria
700 1 _aVergara Ciordia, Javier
_913357
830 0 _913358
_aAula abierta (Universidad nacional de educación a distancia) ;
_v112
942 _cMTS
999 _c6177
_d6177